Handbuch des Bankwesens

Saved in:
Bibliographic Details
Format: Book
Language:German
Published: Köln DuMont-Schauberg 1883
Edition:Dritte neubearbeitete Auflage
Tags: Add Tag
No Tags, Be the first to tag this record!

MARC

LEADER 00000nam a2200000 4500
001 0306901
005 20250210083017.6
041 0 |a ger 
044 |a DE 
245 1 0 |a Handbuch des Bankwesens  |c Max Wirth 
250 |a Dritte neubearbeitete Auflage 
264 1 |a Köln  |b DuMont-Schauberg  |c 1883